| 000 | 00447nam a2200181Ia 4500 | ||
|---|---|---|---|
| 001 | 21243 | ||
| 003 | IN-NITTTR | ||
| 005 | 20251114233242.0 | ||
| 008 | 251113s9999||||xx |||||||||||||| ||eng|| | ||
| 040 | _beng | ||
| 040 | _cIN-NITTTR | ||
| 041 | _aeng | ||
| 082 | _a005.133 G151C | ||
| 100 | _aGandhi, Meeta | ||
| 245 | 4 |
_aThe 'C' Odyssey : _b networks and RDBMS / _cGandhi, Meeta, Shetty, Tilak |
|
| 700 | _a Shetty, Tilak | ||
| 942 |
_2ddc _cBK |
||
| 999 |
_c23873 _d23873 |
||